NCAA 2026 Men's Tournament Teams - Statistics

General Stats
  • This quiz has been taken 91 times
  • The average score is 50 of 68
Answer Stats
Hint Answer % Correct
1 Duke
98%
1 Michigan
97%
1 Arizona
95%
1 Florida
93%
11 Texas
92%
3 Illinois
90%
6 Tennessee
90%
2 Houston
88%
9 Iowa
88%
3 Michigan State
88%
7 UCLA
88%
2 UConn
88%
6 North Carolina
87%
5 St John's
87%
2 Purdue
85%
4 Arkansas
83%
2 Iowa State
83%
7 Miami
83%
11 Miami (Ohio)
83%
5 Wisconsin
83%
4 Kansas
82%
7 Kentucky
82%
6 Louisville
82%
3 Gonzaga
80%
11 NC State
80%
8 Clemson
78%
8 Georgia
78%
14 Penn
78%
10 Texas A&M
78%
3 Virginia
78%
4 Alabama
77%
4 Nebraska
77%
8 Ohio State
77%
7 Saint Mary's
77%
9 TCU
77%
9 Utah State
77%
5 Vanderbilt
77%
6 BYU
75%
16 Howard
75%
11 South Florida
75%
5 Texas Tech
75%
11 VCU
75%
10 Missouri
73%
10 Central Florida
72%
16 Siena
72%
10 Santa Clara
70%
8 Villanova
70%
12 Akron
68%
9 Saint Louis
68%
16 UMBC
68%
11 SMU
67%
12 High Point
65%
14 North Dakota State
63%
13 Hawaii
60%
15 Furman
58%
16 Long Island
58%
13 Troy
58%
13 Cal Baptist
57%
15 Queens
57%
15 Idaho
53%
16 Lehigh
53%
12 McNeese State
53%
12 Northern Iowa
53%
13 Hofstra
52%
16 Prairie View A&M
48%
14 Wright State
45%
14 Kennesaw State
43%
15 Tennessee State
43%
No matching quizzes found
Score Distribution
Percent of People with Each Score
Percentile by Number Answered
Your Score History
You have not taken this quiz